The Fund's Mandate : The Future Financing Role.

This paper examines the implications of the Fund accepting membership in the Financial Stability Board ('FSB'). The FSB Charter (the ?Charter?) explicitly contemplates the possibility of the Fund and the other international financial institutions becoming members but notes that ?the accept...

תיאור מלא

מידע ביבליוגרפי
מחבר תאגידי: International Monetary Fund
פורמט: כתב-עת
שפה:English
יצא לאור: Washington, D.C. : International Monetary Fund, 2010.
סדרה:Policy Papers; Policy Paper ; No. 2010/098
גישה מקוונת:Full text available on IMF
LEADER 01543cas a2200241 a 4500
001 AALejournalIMF020097
008 230101c9999 xx r poo 0 0eng d
020 |c 5.00 USD 
020 |z 9781498337229 
022 |a 2663-3493 
040 |a BD-DhAAL  |c BD-DhAAL 
110 2 |a International Monetary Fund. 
245 1 4 |a The Fund's Mandate :   |b The Future Financing Role. 
264 1 |a Washington, D.C. :  |b International Monetary Fund,  |c 2010. 
300 |a 1 online resource (33 pages) 
490 1 |a Policy Papers 
500 |a <strong>Off-Campus Access:</strong> No User ID or Password Required 
500 |a <strong>On-Campus Access:</strong> No User ID or Password Required 
506 |a Electronic access restricted to authorized BRAC University faculty, staff and students 
520 3 |a This paper examines the implications of the Fund accepting membership in the Financial Stability Board ('FSB'). The FSB Charter (the ?Charter?) explicitly contemplates the possibility of the Fund and the other international financial institutions becoming members but notes that ?the acceptance of membership by the international financial institutions (IFIs) in the FSB is subject to the approval of their respective governing bodies.? An Executive Board decision is required for the Fund to accept membership and is proposed below. 
538 |a Mode of access: Internet 
830 0 |a Policy Papers; Policy Paper ;  |v No. 2010/098 
856 4 0 |z Full text available on IMF  |u http://elibrary.imf.org/view/journals/007/2010/098/007.2010.issue-098-en.xml  |z IMF e-Library